[Event "GER-chA Seniors 26th"]
[Site "Bad Neuenahr"]
[Date "2014.08.08"]
[Round "4"]
[White "Schaefer, Hans Ulrich"]
[Black "Hein, Manfred"]
[Result "0-1"]
[WhiteElo "1893"]
[BlackElo "2075"]
[PlyCount "62"]
[EventDate "2014.08.05"]
[EventType "swiss"]
[EventRounds "9"]
[EventCountry "GER"]
[SourceTitle "EXT 2018"]
[Source "ChessBase"]
[SourceDate "2017.10.13"]
[SourceVersion "1"]
[SourceVersionDate "2017.10.13"]
[SourceQuality "1"]

1. Nf3 d5 2. d4 Nf6 3. g3 c6 4. Bg2 h6 5. 0-0 Bf5 6. b3 e6 7. Bb2 Be7 8. Nbd2 Nbd7 9. c4 0-0 10. Re1 b6 11. Rc1 Rc8 12. a3 Ne4 13. Nxe4 Bxe4 14. Nd2 Bxg2 15. Kxg2 Bf6 16. Nf3 dxc4 17. bxc4 c5 18. e3 Qc7 19. Qe2 Rfe8 20. d5 Bxb2 21. Qxb2 exd5 22. cxd5 Nf6 23. Red1 Rcd8 24. Qb3 Qe7 25. Rc2 Ne4 26. Rd3 Nd6 27. Qb2 Qe4 28. Rd1 Nc4 29. Rxc4 Qxc4 30. Qd2 Qe4 31. d6 Rd7 0-1

[Event "Niedersachsen-ch Seniors op 14th"]
[Site "Bad Bevensen"]
[Date "2011.07.12"]
[Round "8"]
[White "Schaefer, Hans Ulrich"]
[Black "Panneke, Kurt"]
[Result "1-0"]
[WhiteElo "1763"]
[BlackElo "1561"]
[PlyCount "73"]
[EventDate "2011.07.05"]
[EventType "swiss"]
[EventRounds "9"]
[EventCountry "GER"]
[SourceTitle "EXT 2012"]
[Source "ChessBase"]
[SourceDate "2011.11.24"]
[SourceVersion "1"]
[SourceVersionDate "2011.11.24"]
[SourceQuality "1"]

1. Nf3 d5 2. d4 Nf6 3. g3 Bf5 4. Bg2 c6 5. Nbd2 Nbd7 6. 0-0 e6 7. c4 Be7 8. b3 0-0 9. Bb2 Qa5 10. a3 Rfe8 11. b4 Qb6 12. Nh4 Bg4 13. Re1 Qc7 14. Qb3 Qb6 15. e4 g5 16. Nhf3 h6 17. Ne5 Nxe5 18. dxe5 Nh7 19. h3 Bh5 20. exd5 cxd5 21. cxd5 Rad8 22. d6 Bf8 23. g4 Bg6 24. Ne4 Bxe4 25. Bxe4 Bg7 26. Rad1 Nf8 27. Bd4 Qb5 28. a4 Qd7 29. b5 Rc8 30. Qf3 Rc4 31. Bxb7 Rxa4 32. Bc6 Qd8 33. Bxe8 Qxe8 34. Qc6 Nd7 35. b6 Ra2 36. b7 Kf8 37. Qxd7 1-0

[Event "Niedersachsen-ch Seniors op 14th"]
[Site "Bad Bevensen"]
[Date "2011.07.08"]
[Round "4"]
[White "Gelzinnus, Siegfried"]
[Black "Schaefer, Hans Ulrich"]
[Result "0-1"]
[WhiteElo "1615"]
[BlackElo "1763"]
[PlyCount "64"]
[EventDate "2011.07.05"]
[EventType "swiss"]
[EventRounds "9"]
[EventCountry "GER"]
[SourceTitle "EXT 2012"]
[Source "ChessBase"]
[SourceDate "2011.11.24"]
[SourceVersion "1"]
[SourceVersionDate "2011.11.24"]
[SourceQuality "1"]

1. Nf3 d5 2. g3 Nf6 3. Bg2 g6 4. d3 Bg7 5. Nbd2 0-0 6. 0-0 Nbd7 7. c3 e5 8. e4 dxe4 9. dxe4 Qe7 10. Qc2 b6 11. Re1 Ba6 12. c4 Rad8 13. Re2 Bb7 14. Nf1 Nc5 15. Ne1 Ne6 16. Nf3 Nd4 17. Nxd4 exd4 18. Qd3 Nd7 19. f3 a5 20. Rb1 Rfe8 21. b3 f5 22. Bb2 fxe4 23. fxe4 Nc5 24. Qd1 d3 25. Re1 Nxe4 26. Bxe4 Bxe4 27. Qd2 Qc5+ 28. Ne3 Bh6 29. h4 Bc6 30. Qf2 Bxe3 31. Rxe3 Qxe3 32. Qxe3 Rxe3 0-1

[Event "Niedersachsen-ch Seniors op 14th"]
[Site "Bad Bevensen"]
[Date "2011.07.05"]
[Round "1"]
[White "Schaefer, Hans Ulrich"]
[Black "Ludwig, Richard"]
[Result "1-0"]
[WhiteElo "1763"]
[BlackElo "1431"]
[PlyCount "55"]
[EventDate "2011.07.05"]
[EventType "swiss"]
[EventRounds "9"]
[EventCountry "GER"]
[SourceTitle "EXT 2012"]
[Source "ChessBase"]
[SourceDate "2011.11.24"]
[SourceVersion "1"]
[SourceVersionDate "2011.11.24"]
[SourceQuality "1"]

1. Nf3 Nf6 2. c4 e6 3. Nc3 Nc6 4. g3 b6 5. Bg2 Bb7 6. 0-0 Be7 7. d4 0-0 8. e4 d6 9. Qe2 a5 10. Rd1 Qc8 11. b3 Re8 12. Bb2 e5 13. dxe5 dxe5 14. Nd5 Nd7 15. Bh3 Bd6 16. Qd2 Qd8 17. Bg2 Nf6 18. Re1 a4 19. Bc3 axb3 20. axb3 Rxa1 21. Bxa1 Na5 22. Qc2 Nc6 23. Bc3 Bc8 24. h3 Bd7 25. Qd1 h6 26. Nxb6 cxb6 27. Qxd6 Qc8 28. Kh1 1-0

[Event "Niedersachsen-ch Seniors op 13th"]
[Site "Bad Bevensen"]
[Date "2010.07.12"]
[Round "7"]
[White "Rychlik, Kurt"]
[Black "Schaefer, Hans Ulrich"]
[Result "1/2-1/2"]
[WhiteElo "1905"]
[BlackElo "1818"]
[PlyCount "48"]
[EventDate "2010.07.06"]
[EventType "swiss"]
[EventRounds "9"]
[EventCountry "GER"]
[SourceTitle "EXT 2012"]
[Source "ChessBase"]
[SourceDate "2011.11.24"]
[SourceVersion "1"]
[SourceVersionDate "2011.11.24"]
[SourceQuality "1"]

1. Nf3 d5 2. d4 Nf6 3. c4 c6 4. Nc3 e6 5. e3 Bd6 6. Bd3 Nbd7 7. 0-0 0-0 8. Qc2 h6 9. Re1 dxc4 10. Bxc4 b5 11. Bd3 Bb7 12. e4 e5 13. a3 a6 14. Be3 Rc8 15. Rad1 Qc7 16. h3 Rfe8 17. b4 a5 18. Qb2 axb4 19. axb4 Qd8 20. dxe5 Nxe5 21. Nxe5 Bxe5 22. Bxb5 Bxc3 23. Qxc3 cxb5 24. Qb2 Qc7 1/2-1/2

[Event "Niedersachsen-ch Seniors op 13th"]
[Site "Bad Bevensen"]
[Date "2010.07.11"]
[Round "6"]
[White "Schaefer, Hans Ulrich"]
[Black "Jung, Michael"]
[Result "1-0"]
[WhiteElo "1818"]
[BlackElo "1656"]
[PlyCount "67"]
[EventDate "2010.07.06"]
[EventType "swiss"]
[EventRounds "9"]
[EventCountry "GER"]
[SourceTitle "EXT 2012"]
[Source "ChessBase"]
[SourceDate "2011.11.24"]
[SourceVersion "1"]
[SourceVersionDate "2011.11.24"]
[SourceQuality "1"]

1. d4 d5 2. c4 c6 3. Nf3 Bf5 4. Nc3 e6 5. g3 Nf6 6. Bg2 dxc4 7. a4 Bb4 8. 0-0 0-0 9. Ne5 Nd5 10. Bd2 b5 11. e4 Bxc3 12. bxc3 f6 13. Nxc6 Nxc6 14. axb5 Nxd4 15. cxd4 c3 16. exf5 cxd2 17. Qxd2 Qd6 18. Ra6 Qd7 19. Qa2 Rfd8 20. fxe6 Qxb5 21. Ra5 Nb4 22. Rxb5 Nxa2 23. e7 Re8 24. Bxa8 Rxa8 25. Re1 Re8 26. Ra5 Nc3 27. Rxa7 Nb5 28. Rd7 Kf7 29. d5 Nd4 30. Kg2 g5 31. Re4 Nf5 32. d6 h5 33. Rd8 h4 34. Rxe8 1-0

[Event "Bad Bevensen Seniors op 12th"]
[Site "Bad Bevensen"]
[Date "2009.07.11"]
[Round "5"]
[White "Rueckleben, Hermann"]
[Black "Schaefer, Hans Ulrich"]
[Result "0-1"]
[WhiteElo "1856"]
[BlackElo "1731"]
[PlyCount "40"]
[EventDate "2009.07.07"]
[EventType "swiss"]
[EventRounds "9"]
[EventCountry "GER"]
[SourceTitle "EXT 2022"]
[Source "ChessBase"]
[SourceDate "2021.10.06"]
[SourceVersion "1"]
[SourceVersionDate "2021.10.06"]
[SourceQuality "1"]

1. c4 Nf6 2. g3 e6 3. Nf3 d5 4. b3 Be7 5. Bb2 0-0 6. e3 c5 7. a3 Nc6 8. cxd5 exd5 9. d4 Ne4 10. dxc5 Bf6 11. Nd4 Nxc5 12. Nxc6 bxc6 13. Bxf6 Qxf6 14. Ra2 Bf5 15. Nd2 Rfe8 16. Nf3 Qc3+ 17. Qd2 Qxb3 18. Qb2 Qxb2 19. Rxb2 Be4 20. Bg2 Nd3+ 0-1

[Event "EU-chT Seniors 10th"]
[Site "Dresden"]
[Date "2008.02.17"]
[Round "7.2"]
[White "Mueller, Siegmar"]
[Black "Schaefer, Hans Ulrich"]
[Result "0-1"]
[WhiteElo "2050"]
[BlackElo "1737"]
[PlyCount "118"]
[EventDate "2008.02.11"]
[EventType "team-swiss"]
[EventRounds "9"]
[EventCountry "GER"]
[SourceTitle "CBM 122 Extra"]
[Source "ChessBase"]
[SourceDate "2008.03.04"]
[SourceVersion "1"]
[SourceVersionDate "2008.03.04"]
[SourceQuality "1"]
[WhiteTeam "Grossroehrsdorf"]
[BlackTeam "Stoertebeker"]
[WhiteTeamCountry "GER"]
[BlackTeamCountry "GER"]

1. Nc3 Nf6 2. Nf3 e6 3. e4 d5 4. exd5 exd5 5. d4 Bg4 6. h3 Bh5 7. Be2 Be7 8. Ne5 Bxe2 9. Qxe2 0-0 10. Bf4 c6 11. g4 Nfd7 12. 0-0-0 Re8 13. Qd3 Nf8 14. Rhg1 Nbd7 15. g5 Ne6 16. Qf5 Nxe5 17. Qxe5 Nxf4 18. Qxf4 Bd6 19. Qf5 Qc7 20. h4 g6 21. Qf3 Re6 22. Rde1 Rae8 23. Rxe6 Rxe6 24. h5 Bh2 25. Rh1 Qf4+ 26. Qxf4 Bxf4+ 27. Kd1 Bxg5 28. Ne2 Re4 29. hxg6 hxg6 30. c3 Kg7 31. Rg1 Bh6 32. Ng3 Re6 33. f4 Kf8 34. f5 Re3 35. fxg6 fxg6 36. Kc2 Ke7 37. Rh1 Bg7 38. Rg1 Kf7 39. Rg2 Rf3 40. Ne2 b6 41. Nc1 c5 42. dxc5 bxc5 43. Nd3 c4 44. Nb4 Rf5 45. Nc6 a6 46. Nb4 a5 47. Nc6 a4 48. Nd8+ Kf6 49. Nb7 Bf8 50. Nd8 g5 51. Nc6 Bc5 52. Nd4 Bxd4 53. cxd4 Rf3 54. Re2 g4 55. Re8 Kg5 56. a3 g3 57. Ra8 Rf6 58. Rd8 g2 59. Rxd5+ Kf4 0-1

[Event "EU-chT Seniors 10th"]
[Site "Dresden"]
[Date "2008.02.16"]
[Round "6.2"]
[White "Schaefer, Hans Ulrich"]
[Black "Ehlert, Joachim"]
[Result "1/2-1/2"]
[WhiteElo "1737"]
[BlackElo "2053"]
[PlyCount "34"]
[EventDate "2008.02.11"]
[EventType "team-swiss"]
[EventRounds "9"]
[EventCountry "GER"]
[SourceTitle "CBM 122 Extra"]
[Source "ChessBase"]
[SourceDate "2008.03.04"]
[SourceVersion "1"]
[SourceVersionDate "2008.03.04"]
[SourceQuality "1"]
[WhiteTeam "Stoertebeker"]
[BlackTeam "Bahn Sozialwerk II"]
[WhiteTeamCountry "GER"]
[BlackTeamCountry "GER"]

1. e4 c5 2. Nf3 e6 3. Nc3 a6 4. a4 Nc6 5. Be2 d6 6. d4 cxd4 7. Nxd4 Nf6 8. Be3 Be7 9. Qd2 0-0 10. 0-0 Bd7 11. Nb3 b6 12. f4 Qc7 13. Bf3 Rac8 14. Qf2 Rb8 15. Rfd1 Rfd8 16. Rd2 Ne8 17. Be2 Nb4 1/2-1/2

[Event "EU-chT Seniors 10th"]
[Site "Dresden"]
[Date "2008.02.12"]
[Round "2.2"]
[White "Schaefer, Hans Ulrich"]
[Black "Juergens, Peter1111"]
[Result "0-1"]
[WhiteElo "1737"]
[BlackElo "2066"]
[PlyCount "72"]
[EventDate "2008.02.11"]
[EventType "team-swiss"]
[EventRounds "9"]
[EventCountry "GER"]
[SourceTitle "CBM 122 Extra"]
[Source "ChessBase"]
[SourceDate "2008.03.04"]
[SourceVersion "1"]
[SourceVersionDate "2008.03.04"]
[SourceQuality "1"]
[WhiteTeam "Stoertebeker"]
[BlackTeam "Niedersachsen Freibauer"]
[WhiteTeamCountry "GER"]
[BlackTeamCountry "GER"]

1. d4 e6 2. c4 Nf6 3. Nc3 Bb4 4. Nf3 d5 5. e3 0-0 6. Bd3 c5 7. 0-0 dxc4 8. Bxc4 Bd7 9. Bd3 Bc6 10. Ne5 Qd6 11. Nc4 Qc7 12. a4 Nbd7 13. Na2 b5 14. axb5 Bxb5 15. b3 a5 16. Bb2 Qb8 17. Nc3 Bc6 18. Qe2 cxd4 19. exd4 Nd5 20. Nxd5 Bxd5 21. Rfc1 Nf6 22. f3 Rc8 23. Qe5 Nd7 24. Qh5 Nf6 25. Qe5 Qb7 26. Qe3 Rc6 27. Ne5 Rxc1+ 28. Rxc1 Rc8 29. Bc4 Rc7 30. h4 h6 31. g4 Ne8 32. g5 hxg5 33. hxg5 Nd6 34. Qe2 Nf5 35. Kf2 Bd6 36. Bc3 Qa7 0-1

[Event "Merano Gold Cup 35th"]
[Site "Merano"]
[Date "2007.04.20"]
[Round "1"]
[White "Schaefer, Hans Ulrich"]
[Black "Jaeger, Erich"]
[Result "1/2-1/2"]
[WhiteElo "1739"]
[BlackElo "2047"]
[PlyCount "82"]
[EventDate "2007.04.20"]
[EventType "swiss"]
[EventRounds "9"]
[EventCountry "ITA"]
[SourceTitle "EXT 2008"]
[Source "ChessBase"]
[SourceDate "2007.11.25"]
[SourceVersion "1"]
[SourceVersionDate "2007.11.25"]
[SourceQuality "1"]

1. e4 c5 2. Nf3 Nc6 3. d4 cxd4 4. Nxd4 Nf6 5. Nc3 e5 6. Nb3 Be7 7. Be2 0-0 8. 0-0 a6 9. Be3 b5 10. Nd5 d6 11. f3 Nxd5 12. exd5 Na5 13. Qd2 Nxb3 14. axb3 Bb7 15. c4 bxc4 16. bxc4 f5 17. b4 f4 18. Bf2 Rf5 19. c5 Rh5 20. c6 Bc8 21. b5 Bh4 22. Qe1 Qg5 23. Bxh4 Rxh4 24. Qf2 Qh6 25. g3 fxg3 26. Qxg3 Bh3 27. Rfc1 Rh5 28. Rc4 Rg5 29. Rg4 Bxg4 30. fxg4 e4 31. b6 Qf6 32. Rf1 Qd4+ 33. Qf2 Qxd5 34. c7 Rg6 35. Rc1 Qb7 36. Qd4 d5 37. Rb1 Rc8 38. Qc5 h5 39. Bxa6 Rxg4+ 40. Kh1 Rxc7 41. Qxc7 Qxa6 1/2-1/2

[Event "Goch op 04th"]
[Site "Goch"]
[Date "1993.??.??"]
[Round "2"]
[White "Vehreschild, Axel"]
[Black "Schaefer, Hans Ulrich"]
[Result "1-0"]
[WhiteElo "2120"]
[BlackElo "1875"]
[PlyCount "117"]
[EventDate "1993.10.??"]
[EventType "swiss"]
[EventRounds "7"]
[EventCountry "GER"]
[SourceTitle "EXT 1998"]
[Source "ChessBase"]
[SourceDate "1997.11.17"]
[SourceVersion "1"]
[SourceVersionDate "1997.11.17"]
[SourceQuality "1"]

1. c4 f5 2. Nf3 Nf6 3. g3 d6 4. Bg2 g6 5. 0-0 Bg7 6. Nc3 0-0 7. d3 e5 8. Ne1 Nc6 9. f4 Re8 10. Nf3 h6 11. Rb1 Be6 12. b3 exf4 13. Bxf4 Ng4 14. d4 g5 15. Bc1 Bf7 16. Qd3 Qf6 17. h3 Nb4 18. Qd1 Ne3 19. Bxe3 Rxe3 20. Qd2 Rae8 21. Nd1 Rxe2 22. Qxb4 Rxa2 23. Rf2 Rxf2 24. Nxf2 g4 25. hxg4 fxg4 26. Nh4 Re2 27. Rf1 Qxd4 28. Nf5 Qb6 29. Qxb6 axb6 30. Nxg7 Kxg7 31. Nxg4 Rb2 32. Nxh6 Be6 33. Nf5+ Bxf5 34. Rxf5 Rxb3 35. Kf2 c6 36. Bf1 Rc3 37. Rf4 Rc2+ 38. Be2 Rd2 39. Ke3 Ra2 40. Rd4 Ra3+ 41. Bd3 b5 42. cxb5 c5 43. Rxd6 c4 44. Ke4 cxd3 45. Rxd3 Ra4+ 46. Rd4 Ra3 47. Rd3 Ra4+ 48. Kf3 Rb4 49. Rd7+ Kg8 50. Rxb7 Kh8 51. g4 Kg8 52. Kg3 Kh8 53. Kh4 Kg8 54. Kh5 Rb1 55. g5 Rd1 56. Kh6 Rd6+ 57. g6 Rd8 58. b6 Kf8 59. Kh7 1-0